[Event "Paris-ch op-B"]
[Site "Paris"]
[Date "2009.07.12"]
[Round "9"]
[White "Triboulin, Boyann"]
[Black "Caroll, John"]
[Result "0-1"]
[WhiteElo "1685"]
[BlackElo "1775"]
[PlyCount "58"]
[EventDate "2009.07.04"]
[EventType "swiss"]
[EventRounds "9"]
[EventCountry "FRA"]
[SourceTitle "EXT 2010"]
[Source "ChessBase"]
[SourceDate "2010.11.25"]
[SourceVersion "1"]
[SourceVersionDate "2010.11.25"]
[SourceQuality "1"]

1. d4 d5 2. c4 c6 3. Nc3 Nf6 4. Bg5 Ne4 5. Nxe4 dxe4 6. e3 Qa5+ 7. Qd2 Qxg5 8. 0-0-0 e6 9. f3 Bd6 10. fxe4 0-0 11. Nf3 Qe7 12. d5 cxd5 13. exd5 exd5 14. cxd5 Bf5 15. Bd3 Bxd3 16. Qxd3 Re8 17. Rhe1 Qe4 18. Qxe4 Rxe4 19. Ng5 Re7 20. e4 Nd7 21. Nf3 Rae8 22. Nd2 Bf4 23. g3 Bh6 24. Kc2 Bxd2 25. Rxd2 Rxe4 26. Rxe4 Rxe4 27. Kc3 Kf8 28. Rc2 Nb6 29. d6 Rc4+ 0-1

[Event "Paris-ch op-B"]
[Site "Paris"]
[Date "2009.07.08"]
[Round "5"]
[White "Anjoure, Jean Michel"]
[Black "Caroll, John"]
[Result "0-1"]
[WhiteElo "1590"]
[BlackElo "1775"]
[PlyCount "84"]
[EventDate "2009.07.04"]
[EventType "swiss"]
[EventRounds "9"]
[EventCountry "FRA"]
[SourceTitle "EXT 2010"]
[Source "ChessBase"]
[SourceDate "2010.11.25"]
[SourceVersion "1"]
[SourceVersionDate "2010.11.25"]
[SourceQuality "1"]

1. d4 d5 2. c4 c6 3. Nc3 Nf6 4. Nf3 dxc4 5. a4 Bf5 6. e3 e6 7. Bxc4 Bb4 8. 0-0 0-0 9. Qe2 Nbd7 10. Rd1 Qc7 11. e4 Bg6 12. e5 Nd5 13. Ne4 Be7 14. Bg5 Rfe8 15. Bxe7 Nxe7 16. Nd6 Red8 17. Nh4 Nf8 18. Ra3 Nc8 19. Ne4 Bxe4 20. Qxe4 Ne7 21. Rg3 Nfg6 22. Nxg6 Nxg6 23. h4 Nxe5 24. Bd3 Nxd3 25. Rdxd3 Qe7 26. Rde3 Qf6 27. Rg4 h5 28. Rg5 g6 29. Rf3 Qg7 30. Rxg6 fxg6 31. Qxe6+ Kh8 32. Rf7 Re8 33. Qd7 Qg8 34. Qxb7 Rf8 35. Rd7 Rad8 36. Rc7 Rc8 37. Rd7 Rcd8 38. Rc7 Rxd4 39. Qxa7 Rd1+ 40. Kh2 Rd2 41. f3 Ra8 42. Qc5 Qd5 0-1

[Event "Clichy intern op 0304"]
[Site "Clichy"]
[Date "2003.11.27"]
[Round "3"]
[White "Zaky, Tamir"]
[Black "Caroll, John"]
[Result "1/2-1/2"]
[WhiteElo "1560"]
[BlackElo "1720"]
[PlyCount "105"]
[EventDate "2003.10.16"]
[EventType "swiss"]
[EventRounds "6"]
[EventCountry "FRA"]
[SourceTitle "EXT 2008"]
[Source "ChessBase"]
[SourceDate "2007.11.25"]
[SourceVersion "1"]
[SourceVersionDate "2007.11.25"]
[SourceQuality "1"]

1. e4 c6 2. d4 d5 3. e5 Bf5 4. Nf3 e6 5. h4 c5 6. Bb5+ Nc6 7. c3 Qb6 8. Bxc6+ bxc6 9. Nbd2 cxd4 10. Nxd4 h5 11. Nxf5 exf5 12. Nf3 Bc5 13. Qe2 Nh6 14. e6 Ng4 15. exf7+ Kxf7 16. Ng5+ Kf8 17. 0-0 Re8 18. Qf3 Bxf2+ 19. Kh1 g6 20. g3 Kg7 21. Nh3 Be3 22. b3 Bxc1 23. Raxc1 Re3 24. Qf4 Re2 25. Qd4+ Qxd4 26. cxd4 Rh2+ 27. Kg1 Rxh3 28. Rfe1 Rxg3+ 29. Kf1 Re3 30. Rxc6 Rxe1+ 31. Kxe1 Re8+ 32. Kd2 Re7 33. b4 f4 34. b5 f3 35. Rc1 Nh2 36. Re1 Rxe1 37. Kxe1 Ng4 38. a4 Ne3 39. Kf2 Nc4 40. Kxf3 Kf6 41. Kf4 Nd6 42. Ke3 Kf5 43. Kd3 Kg4 44. Kc3 Kxh4 45. Kb4 Nb7 46. a5 Nd8 47. b6 axb6 48. a6 Nc6+ 49. Kb5 Na7+ 50. Kxb6 Nc8+ 51. Kb7 Nd6+ 52. Kc6 Nc8 53. Kb7 1/2-1/2